Das falsche Geständnis als Fehlerquelle im Strafverfahren unter kriminologischen, speziell kriminalpsychologischen Aspekten
| Main Author: | |
|---|---|
| Format: | Print Book |
| Language: | German |
| Published: |
Frankfurt am Main Bern New York Paris
Lang
1990
|
| In: |
Europäische Hochschulschriften (989)
Year: 1990 |
| Availability in Tübingen: | Present in Tübingen. IFK: F IV 298 |
| Check availability: | HBZ Gateway |
| Subito Delivery Service: | Order now. |
| Keywords: |
MARC
| LEADER | 00000cam a2200000 c 4500 | ||
|---|---|---|---|
| 001 | 27184728X | ||
| 003 | DE-627 | ||
| 005 | 20260206203250.0 | ||
| 007 | tu | ||
| 008 | 900821s1990 gw ||||| m 00| ||ger c | ||
| 015 | |a 90,N28,0239 |2 dnb | ||
| 015 | |a 90,N28,0239 |2 dnb | ||
| 016 | 7 | |a 900653450 |2 DE-101 | |
| 020 | |a 3631428324 |9 3-631-42832-4 | ||
| 035 | |a (DE-627)27184728X | ||
| 035 | |a (DE-603)012855782 | ||
| 035 | |a (DE-576)021377014 | ||
| 035 | |a (DE-599)GBV27184728X | ||
| 035 | |a (OCoLC)246675437 | ||
| 035 | |a (OCoLC)25746925 | ||
| 040 | |a DE-627 |b ger |c DE-627 |e rakwb | ||
| 041 | |a ger | ||
| 044 | |c XA-DE |c XA-CH |c XD-US | ||
| 050 | 0 | |a KK9606 | |
| 082 | 0 | |a 363.2/54 | |
| 082 | 0 | |a 363.254 |q LoC |2 DDC20oclc | |
| 084 | |a 19 |2 sdnb | ||
| 084 | |a PH 9020 |2 rvk |0 (DE-625)rvk/136530: | ||
| 100 | 1 | |a Beneke, Bernhard |4 aut | |
| 245 | 1 | 4 | |a Das falsche Geständnis als Fehlerquelle im Strafverfahren unter kriminologischen, speziell kriminalpsychologischen Aspekten |c Bernhard Beneke |
| 264 | 1 | |a Frankfurt am Main |a Bern |a New York |a Paris |b Lang |c 1990 | |
| 300 | |a 148 S. | ||
| 336 | |a Text |b txt |2 rdacontent | ||
| 337 | |a ohne Hilfsmittel zu benutzen |b n |2 rdamedia | ||
| 338 | |a Band |b nc |2 rdacarrier | ||
| 490 | 1 | |a Europäische Hochschulschriften |a Reihe 2, Rechtswissenschaft = Droit = Law |v 989 | |
| 500 | |a Includes bibliographical references (p. 137-148) | ||
| 502 | |a Zugl.: Freiburg (Breisgau), Univ., Diss., 1990 | ||
| 583 | 1 | |a Archivierung/Langzeitarchivierung gewährleistet |c 20211213 |f DISS |x XA-DE-BW |2 pdager |5 DE-25 | |
| 583 | 1 | |a Archivierung prüfen |c 20240324 |f DE-4165 |z 2 |2 pdager | |
| 650 | 0 | 7 | |0 (DE-588)4020721-3 |0 (DE-627)106316982 |0 (DE-576)208934545 |a Geständnis |2 gnd |
| 650 | 0 | 7 | |0 (DE-588)4116634-6 |0 (DE-627)105805297 |0 (DE-576)209503203 |a Strafverfahren |2 gnd |
| 650 | 0 | 7 | |0 (DE-588)4033197-0 |0 (DE-627)106258532 |0 (DE-576)209000562 |a Kriminologie |2 gnd |
| 653 | 0 | |a Confession (Law) |a Germany (West) | |
| 653 | 0 | |a Confession (Law) |a Psychological aspects | |
| 653 | 0 | |a Mistake (Law) |a Germany (West) | |
| 655 | 7 | |a Hochschulschrift |0 (DE-588)4113937-9 |0 (DE-627)105825778 |0 (DE-576)209480580 |2 gnd-content | |
| 689 | 0 | 0 | |d s |0 (DE-588)4020721-3 |0 (DE-627)106316982 |0 (DE-576)208934545 |a Geständnis |2 gnd |
| 689 | 0 | 1 | |d s |0 (DE-588)4116634-6 |0 (DE-627)105805297 |0 (DE-576)209503203 |a Strafverfahren |2 gnd |
| 689 | 0 | 2 | |d s |0 (DE-588)4033197-0 |0 (DE-627)106258532 |0 (DE-576)209000562 |a Kriminologie |2 gnd |
| 689 | 0 | |5 DE-101 | |
| 751 | |a Freiburg im Breisgau |0 (DE-588)4018272-1 |0 (DE-627)106326686 |0 (DE-576)208923535 |4 uvp | ||
| 830 | 0 | |a Europäische Hochschulschriften |n Reihe 2 |p Rechtswissenschaft |v 989 |9 989 |w (DE-627)130134236 |w (DE-576)015671542 |w (DE-600)510544-4 |x 0531-7312 |7 am | |
| 889 | |w (DE-627)025681257 | ||
| 935 | |i mdedup | ||
| 935 | |i Blocktest | ||
| 936 | r | v | |a PH 9020 |b Strafjustiz; Strafverfahren; Rechtsmedizin; Gerichtlicher Sachverständiger; Gerichtliche Psychiatrie; Kriminalpsychiatrie; Gerichtliche Psychologie; Aussagepsychologie |k Rechtswissenschaft |k Strafrecht, Strafverfahrensrecht, Kriminologie |k Kriminologie |k Strafverfahren und Strafvollzug; Empirische Bezugswissenschaften zur Kriminalrechtspflege; Forschung zu strafrechtlicher Sozialkontrolle |k Strafjustiz; Strafverfahren; Rechtsmedizin; Gerichtlicher Sachverständiger; Gerichtliche Psychiatrie; Kriminalpsychiatrie; Gerichtliche Psychologie; Aussagepsychologie |0 (DE-627)1271677156 |0 (DE-625)rvk/136530: |0 (DE-576)201677156 |
| 936 | s | n | |a p100 |2 mzub |
| 936 | s | n | |a m200 |2 mzub |
| 951 | |a BO | ||
| ELC | |b 1 | ||
| LOK | |0 000 xxxxxcx a22 zn 4500 | ||
| LOK | |0 001 3342510951 | ||
| LOK | |0 003 DE-627 | ||
| LOK | |0 004 27184728X | ||
| LOK | |0 005 20250702075011 | ||
| LOK | |0 008 930716||||||||||||||||ger||||||| | ||
| LOK | |0 040 |a DE-21-110 |c DE-627 |d DE-21-110 | ||
| LOK | |0 689 |a s |a Geständnis | ||
| LOK | |0 852 |a DE-21-110 | ||
| LOK | |0 852 1 |c F IV 298 |m p |9 00 | ||
| LOK | |0 935 |a k110 | ||
| LOK | |0 936ln |a 4.6.5 | ||
| LOK | |0 938 |k p | ||
| LOK | |0 939 |a 16-07-93 |b l01 | ||
| ORI | |a SA-MARC-krimdoka001.raw | ||
| SIG | |a IFK: F IV 298 | ||
